000 00990nam a2200301Ia 4500
003 OSt
005 20221007121006.0
006 a|||||r|||| 00| 0
007 ta
008 221006b |||||||| |||| 00| 0 eng d
020 _a9780763758684 (hbd)
024 _a84754
037 _b054, 18/08/2009, N R Book Distributors
_cTextbook
040 _aBDL
_cBDL
_beng
041 _2eng
_aeng
082 _aG:6, P9 Carb
100 _aHartl Daniel L
245 0 _aGenetics: Analysis of genes and genomes
_b Jones Elizabeth W
250 _a7
260 _aBoston
_bJones and Bartlett Publishers
_c2009
300 _axxviii, 763p.
_ccm.
500 _aIncludes bibliographical references; References 701-704p.; Index 735-763p.
650 _a Genomics
_9442340
650 _aGenetics
700 _a Jones Elizabeth W
942 _hG:6, P9 Carb
_cTB
_2CC
999 _c1208292
_d1208292